Gregg reference manual : the easy way!

Gorde:
Xehetasun bibliografikoak
Egile nagusia:  Sabin A. WLL Liam
Formatua: Sách
Hizkuntza:Undetermined
Argitaratua:  Mcgraw - Hill Irwin  2005
Gaiak:
Etiketak: Etiketa erantsi
Etiketarik gabe, Izan zaitez lehena erregistro honi etiketa jartzen!
Thư viện lưu trữ: Trung tâm Thư viện - Trường Đại học Công nghiệp TP. Hồ Chí Minh
LEADER 00515nam a2200157Ia 4500
001 UIH_05143
008 231011s9999 xx 000 0 und d
082 |a  428 
100 |a  Sabin A. WLL Liam 
245 0 |a  Gregg reference manual : the easy way! 
245 0 |c  Sabin A. WLL Liam 
260 |b  Mcgraw - Hill Irwin 
260 |c  2005 
650 |a  Tiếng Anh; Tiếng Anh thương mại;  
927 |a Sách 
980 |a Trung tâm Thư viện - Trường Đại học Công nghiệp TP. Hồ Chí Minh